000 01848nam a2200289Ia 4500
999 _c49234
_d49234
001 16146
003 GE_BSU
005 20241206151300.0
008 181216s2015||||ge |||||||||||||| ||geo||
020 _a9789941219894
040 _cGE_BSU
041 _ageo
080 _a27-36(470) ღ-702
245 _aღირსი ნიკონ რადონეჟელი, ღირსი სერგი რადონეჟელი /
_cშემდგ. მანანა ტუაევა ; გარეკანის დიზაინი ეთერ გზირიშვილი.
264 _aთბილისი :
_bპალიტრა L,
_c2015.
300 _a184 გვ. :
_bილ. ;
_c20 სმ.
490 _aსაქართველოს იმედი II : ყველა წმინდანი, რომელთა შესახებაც უნდა იცოდე, 2298-0547 / პროექტის რედაქტორი თამარ მამაცაშვილი ;
_vწ. 22
500 _aიბეჭდება სრულიად საქართველოს კათოლიკოს-პატრიარქის, უწმინდესისა და უნეტარესის ილია II-ის ლოცვა-კურთხევით
504 _aბიბლიოგრაფია : გვ. 180
541 _h2ლ.
653 _aრელიგია
653 _aღირსი ნიკონ რადონეჟელი
653 _aღირსი სერგი რადონეჟელი
700 _aტუაევა, მანანა
_eშემდგენელი
_922759
700 _aგზირიშვილი, ეთერ
_eგარეკანის დიზაინი
_923893
942 _cBK
_2udc